| 000 | 00490nam a22001697a 4500 | ||
|---|---|---|---|
| 020 | _a978-0-415-61895-3 | ||
| 082 |
_a658.7 _bLIU _cM-38,P-119 |
||
| 100 |
_aLiu, John J _950861 |
||
| 245 | _aSupply chain management and transport logistics | ||
| 260 |
_aLondon, _bRoutledge, _c2012. |
||
| 300 | _axxv,530p. | ||
| 505 | _aMCE | ||
| 526 |
_a0 _b0 _c0 _d658_700000000000000_LIU |
||
| 526 |
_a0 _b0 _c0 _d658_700000000000000_LIU |
||
| 526 |
_a0 _b0 _c0 _d658_700000000000000_LIU |
||
| 942 |
_2ddc _cBK |
||
| 999 |
_c553591 _d553591 |
||